Stock market investment in malaysia and singapore
| Main Author: | Neoh, Soon Kean |
|---|---|
| Published: |
Kuala Lumpur:
Berita Publishing Sdn. Bhd.,
1989.
|
| Subjects: |
| LEADER | 00549cam a2200169 7i4500 | ||
|---|---|---|---|
| 001 | 0000048316 | ||
| 005 | 20200228090000.0 | ||
| 020 | |a 9679690660 | ||
| 090 | 0 | 0 | |a HG5750.6.A5 |b N46 1989 |
| 100 | 3 | |a Neoh, Soon Kean | |
| 245 | 1 | 0 | |a Stock market investment in malaysia and singapore |c Neoh Soon Kean. |
| 260 | |a Kuala Lumpur: |b Berita Publishing Sdn. Bhd., |c 1989. | ||
| 300 | |a 400 p. | ||
| 500 | |a Gift: Zainol Ahmad Resource Center | ||
| 650 | 0 | 0 | |a Stocks -- |z Malaysia |
| 650 | 0 | 0 | |a Stocks -- |z Singapore |
| 999 | |a 0000061948 |b BOK |c OPEN SHELF |e 1st Floor, Shah Alam | ||


